Khudawan Masih Ki Zindagi (Record no. 4652)

MARC details
000 -LEADER
fixed length control field 00553nam a2200229 a 4500
020 ## - INTERNATIONAL STANDARD BOOK NUMBER
ISBN
082 00 - DEWEY DECIMAL CLASSIFICATION NUMBER
Classification number 232.9
Author Cutter JAL
100 ## - MAIN ENTRY--AUTHOR NAME
Author name Jalal, Uddin
245 ## - TITLE STATEMENT
Title Khudawan Masih Ki Zindagi
260 ## - PUBLICATION, DISTRIBUTION, ETC. (IMPRINT)
Place of publication Saharanpur
Name of publisher Madara Ilahiyat
Year of publication 0000
300 ## - PHYSICAL DESCRIPTION
Number of Pages 112p
500 ## - GENERAL NOTE
General note includes index and biblioraphy
650 ## - SUBJECT ADDED ENTRY--TOPICAL TERM
Topical Term Jesus Christ-Biography
942 ## - ADDED ENTRY ELEMENTS (KOHA)
Koha item type Books
700 1# -
-- Jalal, Uddin
Holdings
Collection code Home library Current library Date acquired Cost, normal purchase price Full call number Accession Number Koha item type
  Henry Martyn Institute Library Henry Martyn Institute Library 09/13/2007 100.00 232.9 JAL 07784 Books
                   Copyright © 2026 | Henry Martyn Institute | Hyderabad | TS-500052 | INDIA | Implemented by hmi.edu.in
Hit-Count:

Powered by Koha